000 01723nam a2200385 4500
001 60869
003 CO-BoRNBP
005 20260427205509.0
007 ta
008 250131s2024 ck a|||cr|||| 00| jdspa d
020 _a9786287672352
040 _aCO-BoRNBP
_bspa
_erda
_cCO-BoRNBP
041 0 _aspa
043 _as-ck---
084 _aC
100 1 _aJaramillo Morales, Alejandra,
_d1971- ,
_eaut
_965695
245 1 3 _aEl canto del manatí /
_cAlejandra Jaramillo Morales ; ilustraciones de Elizabeth Builes.
250 _aEdición especial
264 1 _aBogotá, Colombia :
_bRichmond,
_c2024
300 _a67 páginas :
_bilustraciones en blanco y negro
336 _atexto
_btxt
_2rdacontenido
337 _asin mediación
_bn
_2rdamedio
338 _avolumen
_bnc
_2rdasoporte
520 _a¿Quieres que te cuente otra historia de los ríos, quieres que te siga llevando a mi tierra? Te voy a contar un cuento, quizás el que más me gusta. La historia de unos niños que crecieron junto a mí, de unos niños que se hicieron grandes y me enseñaron que la amistad puede ser el bien más anhelado y poderoso que existe
521 _aRecomendado para un público infantil a partir de los 10 años
545 _aIncluye datos biográficos de la autora e ilustradora
650 0 7 _aAmistad en la literatura
_2LEMB
_970
650 0 7 _aConservación de la naturaleza
_2lemb
_943377
650 0 7 _aCuentos indígenas colombianos
_ySiglo XXI
_2LEMB
_965696
650 0 4 _aLiteratura colombiana
_ySiglo XXI
_2LEMB
_965
650 0 7 _aRelación hombre
_2lemb
_965576
700 _aBuiles, Elizabeth
_d1987-
_eill
_969655
830 _aAutoridades personales de mujeres escritoras colombianas
_969461
942 _2loc
_cBKLITI
_n0
999 _c60869
_d60869